Does Screening Matter? Step-Migration and Comparative Labour Market Performance of Pacific Island Migrants
Gespeichert in:
| 1. Verfasser: | |
|---|---|
| Format: | Buch |
| Sprache: | Englisch |
| Veröffentlicht: |
Brisbane
The University of Queensland
1996
|
| Ausgabe: | 1. ed. |
| Schriftenreihe: | Discussion Paper
No. 201 |
| Schlagworte: | |
| Tags: |
Keine Tags, Fügen Sie das erste Tag hinzu!
|
MARC
| LEADER | 00000nam a2200000 4500 | ||
|---|---|---|---|
| 001 | c019239 | ||
| 005 | 20221205125111.1 | ||
| 041 | 0 | |a eng | |
| 044 | |a AU | ||
| 245 | 1 | 0 | |a Does Screening Matter? |b Step-Migration and Comparative Labour Market Performance of Pacific Island Migrants |c Richard P.C. Brown |
| 250 | |a 1. ed. | ||
| 264 | 1 | |a Brisbane |b The University of Queensland |c 1996 | |
| 300 | |a 25 s. | ||
| 490 | 1 | |a Discussion Paper |v No. 201 | |
| 830 | 0 | |a Discussion Paper |v No. 201 | |
| 610 | 2 | 0 | |a nezamestnanosť |
| 610 | 2 | 0 | |a migrácia |
| 610 | 2 | 0 | |a imigrácia |
| 610 | 2 | 0 | |a trh práce |
| 610 | 2 | 0 | |a zamestnanosť |
| 610 | 2 | 0 | |a vplyvy na prácu |
| 610 | 2 | 0 | |a vzdelanosť |
| 610 | 2 | 0 | |a údaje štatistické |
| 610 | 2 | 0 | |a ekonometria |
| 610 | 2 | 0 | |a Austrália |
| 610 | 2 | 0 | |a Nový Zéland |
| 610 | 2 | 0 | |a Tichomorie |
| 100 | 1 | |a Brown, Richard P.C. | |